000 00669cam a22002051 4500
001 sa 68004825
003 DLC
005 20260227112504.0
008 711108s1960 ii 00000 eng
010 _asa 68004825 //r902
040 _aDLC
_cDLC
_dDLC
043 _aa-ii---
050 0 0 _aHC437.M32
_bA45
110 1 0 _aMaharashtra (India)
245 1 0 _aDraft third five year plan of the Maharashtra State, 1961-62 to 1965-66, submitted to Planning Commission.
260 0 _aBombay,
_bPrinted at the Govt. Central Press,
_c1960.
300 _a609 p.
_c25 cm.
651 0 _aMaharashtra (India)
_xEconomic policy.
710 1 0 _aMaharashtra (India).
_bPlanning Commission.
999 _c80369
_d80369